000 00654nam a2200265Ia 4500
005 20260121170625.0
008 008 260114s9999 xx 000 0 eng d
020 _a9781137524331
037 _aEBOOK
040 _aCRL
040 _beng
040 _cCRL
041 _2eng
041 _aeng
084 _qCRL
100 _aJohn Taylor
_91066166
245 4 _aThe Impact of the First World War on British Universities
260 _bSpringer
260 _bSpringer
260 _c2018
856 _uhttps://link.springer.com/openurl?genre=book&isbn=978-1-137-52433-1
942 _cEBOOK
999 _c1631896
_d1631896